000 00459nam a2200181Ia 4500
001 15333
005 20260306170148.0
008 260306t2017||||xx |||||||||||||| ||und||
041 _aESP
082 _a532
_bG74
100 _aGordillo Arias de Saavedra, José Manuel
_eAUT
245 0 _aIntroducción a la mecánica de fluidos
260 _c2017
300 _aix, 368 páginas :
_c24 cm.
650 _aGEN
654 _aCCN
942 _cLIB
_dJUS
_fJUS
_2ddc
_n
999 _c15333
_d15333